40 vragen over van alles en nog wat - Quiz 14 - Statistieken

Algemene statistieken
  • Deze quiz is 7 keer genomen
  • De gemiddelde score is 13 van 40
Antwoordstatistieken
Hint Antwoord % Correct
Hoeveel wieltjes heeft een botsauto in de kermis 3
100%
Hoeveel ogen hebben de meeste spinnen 8
80%
Wat is het beroemdste schilderij van Nederland .. .......... De Nachtwacht
80%
Wat is het grootste eiland ter wereld Groenland
80%
Waar is het te zien Rijksmuseum
80%
Wat word er gedaan op Prinsjesdag, wat word aangeboden Troonrede
80%
Welke steden liggen daar in Almere
60%
De hoeveelste in september is het Prinsjesdag(in letters) Derde
60%
Wat is de grootste polder ter wereld Flevoland
60%
In welke provincie was dat Gelderland
60%
Welke steden liggen daar in Lelystad
60%
Hoe heet de Griekse zeegod Poseidon
60%
De provincie Zeeland bestaat voor . . % uit water 40
40%
Wat is groter, Australië of Groenland Australie
40%
Hoe heette Istanboel tot ongeveer 1930 Constantinopel
40%
Welke wateren liggen er rondom IJsselmeer
40%
Welke wateren liggen er rondom Ketelmeer
40%
Waar zit dat alleen in Koffertje
40%
Hoe heet zijn Romeinse nevenknie Neptunus
40%
Welke akkoorden tekende de Amerikaanse President Jimmy Carter Camp David
20%
Hoe heette dat gebouw verder De Wereld
20%
Welke wateren liggen er rondom Gooimeer.
20%
Waar werd de vrede getekend na WO II (gebouw)(Capitulatie) Hotel
20%
Eretitel voor een minister Minister van Staat
20%
Noem nog twee grote polders Noordoostpolder
20%
Wat word er gedaan op Prinsjesdag, wat word aangeboden Rijksbegroting
20%
Welke wateren liggen er rondom Veluwemeer
20%
In welke plaats was dat Wageningen
20%
Noem nog twee grote polders Wieringermeer
20%
Hoeveel kilometer is de totale kustlijn van de provincie Zeeland 600
0%
Hoeveel kilometer is de totale kustlijn van de provincie Zeeland 650
0%
Noem twee bezienswaardigheden in Istanboel Blauwe Moskee
0%
Noem twee bezienswaardigheden in Istanboel Hagia Sophia
0%
Andere naam voor een zoutsteen Liksteen
0%
Assistente van dokter van der ploeg Mien Dobbelsteen
0%
Wat word er gedaan op Prinsjesdag, wat word aangeboden Miljoenennota
0%
Hoe heet het grootste schilderij van Nederland Panorama Mesdag
0%
Van welke schilder is dit schilderij Rembrandts
0%
Wat werd toen opgericht tijdens die naamswijziging Republiek Turkije
0%
In welke plaats is het te bewonderen Scheveningen
0%
Geen overeenkomende quizzen gevonden
Scoreverdeling
Procent van Mensen met Elke Score
Percentiel versus Aantal Correcte Antwoorden
Uw Scoregeschiedenis
U heeft deze quiz nog niet genomen